000 00739nam a22002297a 4500
003 UA-OsUOA
001 123840
007 ta
008 20170712b un ||||| |||| 00| 0 ukr d
090 _a94(477).152
_bУ45
942 _cBK
040 _aUA-OsUOA
_bukr
_cUA-OsUOA
_dUA-OsUOA
245 _aУкраїнці в Чікаго і Ілліной в Тисячоліття Хрещення України
_bзбірник-довідник
_cред. Д. Маркусь
300 _a395 с.
955 _a1
041 _aukr
080 _a94(477).152
591 _aМаключенко В. І.
260 _aЧікаго
_bСемків
_c1989
650 7 _a9 Географія. Біографії. Історія
_2UDC
999 _c411005
_d411005